The forever fuel : the story of hydrogen /

Bibliographic Details
Main Author: Hoffmann, Peter, 1935-
Format: Book
Language:English
Published: Boulder, Colo. : Westview Press, 1981.
Subjects:

MARC

Tag First Indicator Second Indicator Subfields
LEADER 00000pam a2200000 a 4500
001 in00000071349
005 20151008062157.0
008 800808s1981 couac b 00110 engm
010 |a  80020965  
020 |a 0891585818 :  |c $16.00 (est.) 
035 |a (OCoLC)06649030 
035 |9 AAJ9679AM 
040 |a DLC  |c DLC  |d m.c.  |d TXA  |d UtOrBLW 
049 |a TXAM  |c [387077] 
050 0 0 |a TP359.H8  |b H63 
082 0 |a 665.8/1  |2 19 
100 1 |a Hoffmann, Peter,  |d 1935- 
245 1 4 |a The forever fuel :  |b the story of hydrogen /  |c Peter Hoffmann. 
264 1 |a Boulder, Colo. :  |b Westview Press,  |c 1981. 
300 |a xiv, 271 pages :  |b illustrations, portraits ;  |c 24 cm. 
336 |a text  |b txt  |2 rdacontent 
337 |a unmediated  |b n  |2 rdamedia 
338 |a volume  |b nc  |2 rdacarrier 
500 |a Includes index. 
504 |a Bibliography: pages 249-256. 
650 0 |a Hydrogen as fuel. 
999 |a MARS 
999 f f |s 69366c00-c3ba-384e-8426-4d8b2da7f09b  |i 7de95efc-d4c8-335f-977a-2cffbe2f8c83  |t 0 
952 f f |p ric  |a Texas A&M University  |b Rellis Campus  |c Joint Library Facility  |d Remote Storage  |t 0  |e TP359.H8 H63  |h Library of Congress classification  |i unmediated -- volume  |m A14806256965 
998 f f |a TP359.H8 H63  |t 0  |l Remote Storage